[Event "Challenge"]
[Site "http://www.queenalice.com/game.php?id=497625"]
[Date "2008.11.24"]
[Round "-"]
[White "Beren"]
[Black "databass"]
[Result "1-0"]
[WhiteElo "1466"]
[BlackElo "1614"]

1. d4 d5 2. Nc3 Nf6 3. Bf4 Bd7 4. e3 e6 5. Bb5 a6 6. Bxd7+ Nbxd7 7. Nf3 Bb4 8.
a3 Bxc3+ 9. bxc3 O-O 10. O-O Ne4 11. Qd3 c5 12. c4 Rc8 13. cxd5 exd5 14. c4 Ndf6
15. cxd5 Qxd5 16. Rac1 c4 17. Qc2 c3 18. Ne5 Nd2 19. h3 Nfe4 20. f3 Nd6 21. Rfd1
Nf5 22. Qxf5 g6 23. Qd3 f6 24. e4 Qb3 25. Bxd2 fxe5 26. dxe5 cxd2 27. Qxb3+ 1-0

[Event "Challenge"]
[Site "http://www.queenalice.com/game.php?id=500843"]
[Date "2008.12.1"]
[Round "-"]
[White "databass"]
[Black "Beren"]
[Result "1-0"]
[WhiteElo "1592"]
[BlackElo "1488"]

1. d4 d5 2. Nf3 Nf6 3. Bg5 e6 4. e3 h6 5. Bh4 Be7 6. c4 c6 7. c5 O-O 8. Bd3 b6
9. b4 bxc5 10. bxc5 Na6 11. O-O Nb4 12. Nc3 Nxd3 13. Qxd3 Bd7 14. Ne5 Rb8 15.
Rfe1 Rb2 16. e4 Nxe4 17. Bxe7 Qxe7 18. Nxe4 dxe4 19. Rxe4 Rd8 20. h3 f6 21. Ng6
Qf7 22. Rg4 e5 23. Rg3 Rxa2 24. Rxa2 Qxa2 25. dxe5 Qa5 26. exf6 Bxh3 27. Ne7+
Kf7 28. Qg6+ Ke6 29. Rxh3 gxf6 30. Re3+ Kd7 31. Qf5+ Kc7 32. Re6 Qb5 33. Rxc6+
Qxc6 34. Nxc6 Kxc6 35. Qxf6+ Kxc5 36. Qxd8 1-0

[Event "Challenge"]
[Site "http://www.queenalice.com/game.php?id=505971"]
[Date "2008.12.11"]
[Round "-"]
[White "Beren"]
[Black "databass"]
[Result "1-0"]
[WhiteElo "1476"]
[BlackElo "1604"]

1. e4 e5 2. Nf3 Nc6 3. Bc4 Bc5 4. d3 Nf6 5. Ng5 d5 6. exd5 Nxd5 7. Qf3 Be6 8.
Nc3 h6 9. Nxd5 hxg5 10. Bxg5 f6 11. Be3 Bxe3 12. fxe3 O-O 13. Nxc7 Qxc7 14.
Bxe6+ 1-0

[Event "Challenge"]
[Site "http://www.queenalice.com/game.php?id=506942"]
[Date "2008.12.13"]
[Round "-"]
[White "databass"]
[Black "Beren"]
[Result "1-0"]
[WhiteElo "1583"]
[BlackElo "1497"]

1. e4 e5 2. Nf3 Nc6 3. Bb5 d6 4. d4 Bd7 5. Nc3 a6 6. Ba4 b5 7. Bb3 Nf6 8. O-O
Be7 9. d5 Na7 10. Bg5 c6 11. a3 O-O 12. dxc6 Bxc6 13. Bxf6 Bxf6 14. Bd5 Qb6 15.
Bxc6 Qxc6 16. Nd5 Bd8 17. b3 a5 18. b4 Qc4 19. Re1 Nc8 20. c3 Nb6 21. Nxb6 Bxb6
22. Qxd6 Bc7 23. Qe7 Rac8 24. Nxe5 Qxc3 25. Nd7 Rfe8 26. Qg5 Rxe4 27. Rec1 Rce8
28. g3 Qb2 29. Rf1 axb4 30. axb4 Qxb4 31. Nf6+ Kf8 32. Nxe4 Rxe4 33. Ra8+ Re8
34. Rxe8+ Kxe8 35. Qxg7 Qe4 36. Qc3 Qb7 37. Qh8+ Ke7 38. Re1+ Kd6 39. Qxh7 b4
40. Qb1 Qb5 41. Rd1+ Ke6 42. Qb3+ Kf6 43. Rd5 Qb8 44. Qf3+ Ke6 45. Qf5+ Ke7 46.
Rd7+ 1-0

[Event "mauricio_sm-2"]
[Site "http://www.queenalice.com/game.php?id=510166"]
[Date "2008.12.19"]
[Round "1"]
[White "databass"]
[Black "Prufrock"]
[Result "0-1"]
[WhiteElo "1557"]
[BlackElo "1834"]

1. e4 c5 2. Nf3 Nc6 3. d4 cxd4 4. Nxd4 e5 5. Nb5 a6 6. Nd6+ Bxd6 7. Qxd6 Qf6 8.
Qxf6 Nxf6 9. Bd3 d5 10. Nc3 Be6 11. O-O dxe4 12. Bxe4 Nxe4 13. Nxe4 O-O 14. c3
Bc4 15. Re1 Rad8 16. b3 Bd5 17. Nc5 b5 18. Nxa6 Rc8 19. Nc5 Rfd8 20. Bb2 Ne7 21.
Rxe5 Ng6 22. Nd3 Nxe5 23. Nxe5 f6 0-1

[Event "Challenge"]
[Site "http://www.queenalice.com/game.php?id=510216"]
[Date "2008.12.19"]
[Round "-"]
[White "Beren"]
[Black "databass"]
[Result "1-0"]
[WhiteElo "1484"]
[BlackElo "1596"]

1. d4 d5 2. c4 e6 3. Bf4 Nf6 4. Nc3 Bb4 5. Qa4+ Nc6 6. e3 a6 7. Nf3 O-O 8. Bd3
b5 9. cxb5 Bxc3+ 10. bxc3 Ne7 11. bxa6 Ra7 12. O-O Qd7 13. Qxd7 Nxd7 14. Ng5 g6
15. e4 Bxa6 16. Bxa6 Rxa6 17. Bxc7 Rc8 18. Bd6 Rxd6 19. exd5 Rxc3 20. Ne4 Rxd5
21. Nxc3 Rxd4 22. Rfd1 1-0

[Event "Challenge"]
[Site "http://www.queenalice.com/game.php?id=512288"]
[Date "2008.12.25"]
[Round "-"]
[White "databass"]
[Black "Beren"]
[Result "0-1"]
[WhiteElo "1576"]
[BlackElo "1504"]

1. d4 d5 2. Bf4 Nc6 3. Nf3 Bf5 4. Nc3 h6 5. e3 e6 6. Bb5 Nf6 7. O-O Bd6 8. Bxd6
cxd6 9. Nh4 Be4 10. f4 O-O 11. f5 Nd7 12. fxe6 fxe6 13. Ng6 Bxg6 14. Rxf8+ Qxf8
15. Qg4 Qf5 16. Qxf5 Bxf5 0-1

[Event "Challenge"]
[Site "http://www.queenalice.com/game.php?id=516480"]
[Date "2009.1.3"]
[Round "-"]
[White "Beren"]
[Black "databass"]
[Result "1-0"]
[WhiteElo "1523"]
[BlackElo "1552"]

1. e4 e5 2. Bc4 Bc5 3. Qh5 Qe7 4. Nf3 d6 5. Ng5 Nh6 6. O-O O-O 7. d3 Nc6 8. Be3
Nd4 9. Bxd4 Bxd4 10. c3 Bc5 11. b4 Bb6 12. Nd2 Qf6 13. d4 exd4 14. cxd4 Bxd4 15.
Rad1 Bg4 16. Qh4 Bxd1 17. Rxd1 Rad8 18. Ndf3 c5 19. bxc5 dxc5 20. Rb1 b6 21. h3
Rd6 22. Qg3 Kh8 23. e5 Qf5 24. exd6 Qxb1+ 25. Kh2 Qf5 26. Bb5 f6 27. Nxd4 cxd4
28. Nf3 Qxb5 29. Nxd4 Qd5 30. Qf4 g5 31. Qe3 Qxd6+ 32. g3 f5 33. Qc3 f4 34. Ne6+
1-0

[Event "mauricio_sm-2"]
[Site "http://www.queenalice.com/game.php?id=536958"]
[Date "2009.2.8"]
[Round "2"]
[White "amaralch7"]
[Black "databass"]
[Result "1-0"]
[WhiteElo "1828"]
[BlackElo "1519"]

1. e4 e5 2. Nf3 Nc6 3. Bb5 a6 4. Bxc6 bxc6 5. Nxe5 Bd6 6. d4 Nf6 7. Nxf7 Kxf7 8.
e5 Re8 9. O-O Bxe5 10. dxe5 Rxe5 11. Bf4 Qe7 12. Bxe5 Qxe5 13. Nc3 Rb8 14. Re1
1-0

[Event "Challenge"]
[Site "http://www.queenalice.com/game.php?id=537532"]
[Date "2009.2.9"]
[Round "-"]
[White "databass"]
[Black "Beren"]
[Result "0-1"]
[WhiteElo "1535"]
[BlackElo "1540"]

1. d4 d5 2. Bf4 Nc6 3. Nf3 Nf6 4. e3 Bf5 5. Bb5 e6 6. O-O h6 7. Nc3 Bd6 8. Be5
O-O 9. h3 Be4 10. a3 a6 11. Bxc6 bxc6 12. b4 Bxf3 13. Qxf3 Bxe5 14. dxe5 Nd7 15.
Qg3 a5 16. b5 cxb5 17. Nxb5 c6 18. Nd6 Qc7 19. f4 f6 20. exf6 Rxf6 21. f5 e5 22.
c4 Qxd6 23. Rad1 e4 24. Qxd6 Rxd6 25. cxd5 cxd5 26. g4 Nb6 27. h4 Nc4 0-1

[Event "Challenge"]
[Site "http://www.queenalice.com/game.php?id=563786"]
[Date "2009.3.30"]
[Round "-"]
[White "Beren"]
[Black "databass"]
[Result "0-1"]
[WhiteElo "1556"]
[BlackElo "1515"]

1. c4 e5 2. d4 exd4 3. Qxd4 Nc6 4. Qe4+ Be7 5. e3 Nf6 6. Qf3 O-O 7. Bd3 d5 8.
Ne2 Ne5 9. Bf5 Nxf3+ 10. gxf3 Bxf5 11. cxd5 Bxb1 12. Rxb1 Qxd5 13. e4 Qxa2 0-1

[Event "Challenge"]
[Site "http://www.queenalice.com/game.php?id=568911"]
[Date "2009.4.8"]
[Round "-"]
[White "databass"]
[Black "Beren"]
[Result "1-0"]
[WhiteElo "1533"]
[BlackElo "1538"]

1. e4 e5 2. Nf3 Nc6 3. Bb5 d6 4. d4 Bd7 5. Nc3 Nxd4 6. Nxd4 exd4 7. Qxd4 Bxb5 8.
Nxb5 a6 9. Bg5 f6 10. Nxc7+ Qxc7 11. Bf4 Ne7 12. O-O-O Qa5 13. a3 Nc6 14. Qc4
Qc5 15. Qe6+ Ne7 16. Bxd6 Qc6 17. f4 Rc8 18. c3 h5 19. e5 Rh6 20. exf6 Rxf6 21.
Qe5 Rd8 22. Bc7 Rd7 23. Rxd7 Qxd7 24. Rd1 Qe6 25. Qxh5+ g6 26. Rd8+ Kf7 27. Qh7+
Bg7 28. Be5 Nf5 29. Qg8+ 1-0

[Event "Challenge"]
[Site "http://www.queenalice.com/game.php?id=573015"]
[Date "2009.4.16"]
[Round "-"]
[White "Beren"]
[Black "databass"]
[Result "0-1"]
[WhiteElo "1522"]
[BlackElo "1549"]

1. e4 e5 2. Nf3 Nc6 3. Bb5 a6 4. Bxc6 dxc6 5. Nxe5 Qd4 6. Ng4 Qxe4+ 7. Ne3 Bc5
8. Qe2 Nf6 9. d3 Qe5 10. O-O O-O 11. c3 Bg4 12. Qe1 Bd6 13. g3 Bh3 14. Nc4 Qd5
15. Ne3 Qxd3 16. Ng2 Qf3 17. Ne3 Bxf1 18. Qxf1 Rae8 19. Nd2 Qh5 20. Qc4 Nd5 21.
Ndf1 Nxe3 22. Bxe3 c5 23. Rd1 Qxd1 0-1

[Event "Challenge"]
[Site "http://www.queenalice.com/game.php?id=575062"]
[Date "2009.4.20"]
[Round "-"]
[White "databass"]
[Black "Beren"]
[Result "1-0"]
[WhiteElo "1564"]
[BlackElo "1507"]

1. e4 e5 2. Nf3 Nc6 3. Bb5 d6 4. d4 Qf6 5. d5 Ne7 6. dxc6 bxc6 7. Ba4 Qg6 8. Qd3
Qxg2 9. Rg1 Qh3 10. Bg5 Bg4 11. Nbd2 h6 12. Bh4 g5 13. Bg3 Bg7 14. O-O-O O-O 15.
Qc3 d5 16. exd5 cxd5 17. Qxc7 Nf5 18. Rde1 Nxg3 19. Rxg3 Qh5 20. Nxe5 Be6 21.
Reg1 g4 22. Nxg4 f5 23. Nf6+ Rxf6 24. Qxg7# 1-0

[Event "Challenge"]
[Site "http://www.queenalice.com/game.php?id=577707"]
[Date "2009.4.25"]
[Round "-"]
[White "Beren"]
[Black "databass"]
[Result "0-1"]
[WhiteElo "1493"]
[BlackElo "1578"]

1. d4 d5 2. c4 e6 3. Nc3 Nf6 4. Bg5 Be7 5. Nf3 h6 6. Bxf6 Bxf6 7. e3 O-O 8. e4
dxe4 9. Nxe4 Nc6 10. Nxf6+ Qxf6 11. d5 exd5 12. cxd5 Nb4 13. b3 Nc2+ 14. Qxc2
Qxa1+ 15. Kd2 Bg4 16. Ne5 Qxe5 17. Bd3 Qf4+ 18. Kc3 Qe5+ 19. Kb4 a5+ 20. Ka3
Qxd5 21. Qxc7 Qxd3 22. Qxb7 a4 23. Kb2 a3+ 24. Ka1 Qc3+ 0-1

[Event "Challenge"]
[Site "http://www.queenalice.com/game.php?id=581288"]
[Date "2009.5.2"]
[Round "-"]
[White "databass"]
[Black "Beren"]
[Result "1-0"]
[WhiteElo "1591"]
[BlackElo "1480"]

1. e4 e5 2. Nf3 Nc6 3. Bb5 d6 4. d4 Bg4 5. Bxc6+ bxc6 6. dxe5 Bxf3 7. Qxf3 dxe5
8. O-O Bd6 9. b3 Nf6 10. Bb2 O-O 11. Nd2 Rb8 12. Nc4 Qe7 13. Rad1 a5 14. Nxa5
Rb6 15. Rfe1 Bb4 16. Bc3 Ra8 17. Bxb4 Qxb4 18. Qd3 Rxa5 19. Qd8+ Qf8 20. Qxc7
Rba6 21. Rd8 Ne8 22. Qb7 Rxa2 23. c4 Ra1 24. Kf1 Ra7 25. Qc8 Ra8 26. Rxa1 Rxa1+
27. Ke2 Ra2+ 28. Kd3 1-0

[Event "Challenge"]
[Site "http://www.queenalice.com/game.php?id=584179"]
[Date "2009.5.6"]
[Round "-"]
[White "Beren"]
[Black "databass"]
[Result "1-0"]
[WhiteElo "1468"]
[BlackElo "1603"]

1. e4 e5 2. Nf3 Nc6 3. Bb5 a6 4. Bxc6 dxc6 5. d3 f6 6. O-O Bc5 7. Nc3 Ne7 8. a3
O-O 9. Na4 b6 10. Nxc5 bxc5 11. Be3 Qd6 12. h3 f5 13. Bg5 h6 14. Bxe7 Qxe7 15.
exf5 Bxf5 16. Qe2 Qf6 17. Nxe5 Qg5 18. g4 Bg6 19. Nxc6 h5 20. Ne7+ Kh7 21. Nxg6
Qxg6 22. Qe4 Rh8 23. Kh2 Kh6 24. Qxg6+ Kxg6 25. Rae1 hxg4 26. Re3 Raf8 27. Kg2
Rh4 28. hxg4 Rxg4+ 29. Rg3 Rf4 30. Rxg4+ Rxg4+ 31. Kf3 Rd4 32. Ke3 Ra4 33. f4
Kf5 34. c4 g5 35. fxg5+ Kxg5 36. Ke4 1-0

[Event "Challenge"]
[Site "http://www.queenalice.com/game.php?id=586694"]
[Date "2009.5.11"]
[Round "-"]
[White "nekaun"]
[Black "databass"]
[Result "0-1"]
[WhiteElo "1386"]
[BlackElo "1591"]

1. f3 e5 2. e4 Bc5 3. c3 Bxg1 4. Rxg1 Nf6 5. Na3 O-O 6. d4 exd4 7. cxd4 d6 8.
Bd2 Nc6 9. d5 Nd4 10. Bc3 c5 11. Bxd4 cxd4 12. Qxd4 Qa5+ 13. Kf2 b6 0-1

[Event "Challenge"]
[Site "http://www.queenalice.com/game.php?id=587540"]
[Date "2009.5.13"]
[Round "-"]
[White "databass"]
[Black "Beren"]
[Result "0-1"]
[WhiteElo "1599"]
[BlackElo "1489"]

1. e4 e5 2. Nf3 Nc6 3. Bb5 d6 4. d4 Bd7 5. Nc3 Nf6 6. O-O a6 7. Ba4 g6 8. Bg5
Bg7 9. d5 Ne7 10. Bxd7+ Qxd7 11. h3 O-O 12. b4 c6 13. a4 Rac8 14. Rb1 cxd5 15.
Nxd5 Nexd5 16. exd5 Qxa4 17. Bxf6 Bxf6 18. c4 Qxd1 19. Rfxd1 Rxc4 20. b5 axb5
21. Rxb5 Rb8 22. Rdb1 e4 23. Nd2 Rd4 24. Nb3 Rd3 25. Na5 b6 26. Rxb6 Rxb6 27.
Rxb6 Rxd5 28. Nc4 Rd1+ 29. Kh2 d5 30. Nd6 Bd4 31. Rb8+ Kg7 32. Ne8+ Kh6 33. f3
Be5+ 0-1

[Event "Challenge"]
[Site "http://www.queenalice.com/game.php?id=594024"]
[Date "2009.5.26"]
[Round "-"]
[White "databass"]
[Black "Julianoj"]
[Result "1-0"]
[WhiteElo "1582"]
[BlackElo "1398"]

1. e4 b6 2. d4 Bb7 3. Nc3 g6 4. Bc4 e6 5. Nf3 Bxe4 6. Nxe4 d5 7. Bb5+ c6 8. Bg5
f6 9. Nxf6+ Kf7 10. Ne5+ Kg7 11. Nh5+ gxh5 12. Bxd8 cxb5 13. Qxh5 Nh6 14. Qg5#
1-0

[Event "mauricio_sm-2"]
[Site "http://www.queenalice.com/game.php?id=611908"]
[Date "2009.7.1"]
[Round "4"]
[White "mauricio_sm"]
[Black "databass"]
[Result "1-0"]
[WhiteElo "1765"]
[BlackElo "1592"]

1. e4 e5 2. Nf3 Nc6 3. Bc4 Be7 4. d3 Nf6 5. Nc3 O-O 6. O-O d6 7. h3 b6 8. a3 Bb7
9. Be3 a6 10. Nd5 b5 11. Nxe7+ Qxe7 12. Qe2 bxc4 13. dxc4 Nxe4 14. Bc1 Nd4 15.
Nxd4 exd4 16. f3 Rfe8 17. fxe4 Bxe4 18. Qf2 d3 19. cxd3 Bxd3 20. Rd1 Bxc4 21.
Bd2 Qe2 22. Re1 Qxf2+ 23. Kxf2 Re6 24. Ba5 c5 25. Rac1 Bd5 26. Rcd1 Rf6+ 27. Kg1
Bc6 28. Re7 Rg6 29. Rd2 h6 30. Bc7 d5 31. Rf2 Rf8 32. Bb6 c4 33. Bc5 f5 34. Ra7
Rff6 35. Rxa6 Rg3 36. Bd4 Rfg6 37. Be5 Rxh3 38. Rxf5 Re3 39. Rb6 d4 40. Bxd4
Rxg2+ 41. Kf1 1-0

[Event "Challenge"]
[Site "http://www.queenalice.com/game.php?id=624789"]
[Date "2009.7.26"]
[Round "-"]
[White "Beren"]
[Black "databass"]
[Result "0-1"]
[WhiteElo "1509"]
[BlackElo "1579"]

1. e4 e5 2. Nf3 Nc6 3. Bb5 a6 4. Bxc6 bxc6 5. Nc3 d6 6. O-O Nf6 7. d3 Be7 8. Bg5
O-O 9. h4 Ng4 10. h5 h6 11. Bxe7 Qxe7 12. Nh2 Nxh2 13. Kxh2 Qh4+ 14. Kg1 Bg4 15.
g3 Qh3 16. Qd2 Bf3 0-1

[Event "Challenge"]
[Site "http://www.queenalice.com/game.php?id=640942"]
[Date "2009.8.23"]
[Round "-"]
[White "databass"]
[Black "Beren"]
[Result "0-1"]
[WhiteElo "1583"]
[BlackElo "1497"]

1. e4 e5 2. Nf3 Nc6 3. Bb5 d6 4. d4 Qf6 5. d5 a6 6. Ba4 b5 7. Bb3 Na5 8. O-O c6
9. Bg5 Qg6 10. Nbd2 Nxb3 11. axb3 cxd5 12. exd5 Nf6 13. c4 bxc4 14. bxc4 Be7 15.
Bxf6 Bxf6 16. g3 O-O 17. Re1 Bg4 18. Ne4 a5 19. Nxd6 e4 20. Rxe4 Bxf3 21. Qxf3
Bxb2 22. Rae1 Qxd6 23. Re7 a4 24. Qe3 h6 25. f4 a3 0-1

[Event "mauricio_sm-2"]
[Site "http://www.queenalice.com/game.php?id=650438"]
[Date "2009.9.11"]
[Round "5"]
[White "databass"]
[Black "spawnwolfwolverine"]
[Result "0-1"]
[WhiteElo "1564"]
[BlackElo "1605"]

1. e4 e5 2. Nf3 d6 3. d4 exd4 4. Nxd4 Bd7 5. Bd3 Nc6 6. Be3 Nf6 7. O-O Be7 8.
Nc3 O-O 9. h3 a6 10. Nd5 Nxd5 11. exd5 Nxd4 12. Bxd4 c5 13. Be3 Bb5 14. Bxb5
axb5 15. b3 b6 16. Qg4 Bf6 17. Rad1 Rxa2 18. c3 Bxc3 0-1